AN INTRODUCTION TO HISTORY OF EDUCATION (Record no. 216132)

MARC details
000 -LEADER
fixed length control field 00507nam a22001817a 4500
008 - FIXED-LENGTH DATA ELEMENTS--GENERAL INFORMATION
fixed length control field 251001b |||||||| |||| 00| 0 eng d
020 ## - INTERNATIONAL STANDARD BOOK NUMBER
International Standard Book Number 9966 846 16 6
050 ## - LIBRARY OF CONGRESS CALL NUMBER
Classification number LA1501 .S54 1992
100 ## - MAIN ENTRY--PERSONAL NAME
Personal name SIFUNA,DANIEL N,
245 ## - TITLE STATEMENT
Title AN INTRODUCTION TO HISTORY OF EDUCATION
260 ## - PUBLICATION, DISTRIBUTION, ETC.
Place of publication, distribution, etc. NAIROBI UNIVERSITY PRESS
Name of publisher, distributor, etc. NAIROBI UNIVERSITY
Date of publication, distribution, etc. 1992
300 ## - PHYSICAL DESCRIPTION
Extent 250P
500 ## - GENERAL NOTE
General note INCLUDING BIBLIOGRAPHY
650 ## - SUBJECT ADDED ENTRY
Topical term or geographic name entry element Education--History
700 ## - ADDED ENTRY--PERSONAL NAME
Personal name OTIENDE, J.E
942 ## - ADDED ENTRY ELEMENTS (KOHA)
Source of classification or shelving scheme Library of Congress Classification
Koha item type Long Loan Book
Holdings
Withdrawn status Lost status Source of classification or shelving scheme Damaged status Not for loan Collection Home library Current library Date acquired Inventory number Total checkouts Full call number Barcode Date last seen Date last checked out Copy number Price effective from Koha item type
    Library of Congress Classification     Arts & Social Sciences Kisii University Library Kisii University Library 10/01/2025 26137 2 LA 1501 .S54 1992 000000017966 01/16/2026 01/10/2026 C.1 10/01/2025 Long Loan Book